1977 1257 1495 1202 1845 1992 1563 1594 1725 1192 1118 1024 1938 1269 1755 1402 1986 1300 1608 1277 1126 1095 1692 1866 1968 1457 1364 1953 1216 1853 1630 1703 1915 1095 1505 1976 1641 1321 1761 1749 1244 1813 1687 1910 1987 1874 1017 1232 1579 1455 1701 1716 1502 1675 1223 1990 1630 1076 1568 1219 1748 1171 1670 1697 1731 1333 1582 1774 1086 1346 1873 1778 1139 1819 1840 1261 1132 1352 1836 1050 1201 1998 1433 1868 1219 1830 1550 1594 1461 1395 1451 1889 1089 1385 1291 1490 1821 1275 1259 BCNSPRNW ULIB Ver.6.0+V

เปลี่ยนเป็นภาษาไทย

Change to English
 แสดงรายละเอียดบรรณานุกรม
  กลับหน้าหลัก

Brief Record : Get Marc (ISO 2709) : E-mail record : QR code < ปิดหน้าต่าง
LEADER : 00000nas 2200000uu 4500
001    13399123145
003     ULIB
008    140403s||||||||th 000 0 tha d
022 0  22866566
110 1  มหาวิทยาลัยเจ้าพระยา
245 00 วารสารวิชาการมหาวิทยาลัยเจ้าพระยา^cมหาวิทยาลัยเจ้าพระยา
246 0  Academic Journal Chaopraya Univercity
260    นครสวรรค์:^bมหาวิยาลัยเจ้าพระยา,^c
310    ^aราย 6 เดือน
850 ^a ULIB^bปีที่ 1 ฉบับที่ 2 ;ปีที่ 2 ฉบับที่ 1 ;ปีที่ 1 ฉบับที่ 2 ฉ.1 ;ปีที่ 2 ฉบับที่ 1 ฉ.1
945    ^p0^l0^i902144
945    ^p0^l0^i902145
945    ^p0^l0^i903606
945    ^p0^l0^i903607
999    ^aเกษร โพธิ์สุวรรณ
รายการนี้ยังไม่มีแท็ก
คุณยังไม่ได้ล็อกอิน คุณสามารถมีกิจกรรมร่วมกับเว็บไซต์ได้ แต่ต้องล็อกอินก่อน ::
  ล็อกอิน

รายการสื่อสารสนเทศ (วารสาร)

ดูแบบ: กล่อง รายการ
ARRIVED
ปีที่ 1 ฉบับที่ 2
สถานที่: ห้องสมุดวิทยาเขตสวรรค์ประชารักษ์ >วารสาร
ARRIVED
ปีที่ 2 ฉบับที่ 1
สถานที่: ห้องสมุดวิทยาเขตสวรรค์ประชารักษ์ >วารสาร

BibComment


ยังไม่เคยถูกคอมเมนท์

คอมเมนท์ทรัพยากรรายการนี้
  คอมเมนท์: วารสารวิชาการมหาว..


 Copyright 2026. Bcnsprnw @Library